La maternidad castigada? Discriminación y malos tratos
Guardat en:
| Autor principal: | |
|---|---|
| Format: | Llibre |
| Idioma: | espanyol |
| Publicat: |
Santiago
Dirección del Trabajo
2011
|
| Col·lecció: | Aporte al Debate Laboral, 25
|
| Matèries: | |
| Etiquetes: |
Afegir etiqueta
Sense etiquetes, Sigues el primer a etiquetar aquest registre!
|
MARC
| LEADER | 00000cam a2200000 a 4500 | ||
|---|---|---|---|
| 001 | UCG9843 | ||
| 003 | CL-VaPUC | ||
| 008 | 120405e20111200CL |||||||||||||||||spa|d | ||
| 020 | |a 9789567978144 | ||
| 082 | 0 | 4 | |a 344.022 |b RIQ |2 21 |
| 100 | 0 | |a Riquelme Giagnoni, Verónica |e author |9 561556 | |
| 245 | 1 | 3 | |a La maternidad castigada? Discriminación y malos tratos |
| 300 | |a 99 p | ||
| 942 | |c BK | ||
| 945 | |d 20120405 00:00:00 |a dcastane | ||
| 260 | |a Santiago |b Dirección del Trabajo |c 2011 | ||
| 650 | 7 | |a MATERNIDAD PROTECCION |2 CL-VaPUC |9 388468 | |
| 650 | 0 | |a Mujeres trabajadoras |9 259236 | |
| 650 | 7 | |a DISCRIMINACION LABORAL |2 CL-VaPUC |9 410817 | |
| 583 | |a last modification |c 20120405 11:40:00 |k Rodrigo Vera | ||
| 490 | 0 | |a Aporte al Debate Laboral, 25 | |
| 999 | |c 347379 |d 347377 | ||
| 952 | |0 0 |1 0 |4 0 |6 344_022000000000000_RIQ_2011 |7 0 |8 A |9 448661 |a BIBGIM |b BIBGIM |d 2019-11-22 |i 4851366 |l 1 |m 2 |o 344.022 RIQ 2011 |p 4851366 |r 2025-04-21 |s 2025-03-28 |w 2019-11-22 |y BK |k SSL | ||